000 00178 a2200097 4500
001 10773
100 _aSager, D.J.
245 _a
260 _a
_bCollins
_c
090 _c8366
_d8366
942 _aNUST-CAE
_c
_c35118
999 _c245846
_d245846